Diógenes, el hombre perro (Record no. 107335)

MARC details
000 -LEADER
campo de control de longitud fija 00933cac a2200277 c 4500
003 - IDENTIFICADOR DE NÚMERO DE CONTROL
campo de control Co-PeBPM
005 - FECHA Y HORA DE LA ÚLTIMA TRANSACCIÓN
campo de control 20260422114628.0
007 - CAMPO FIJO DE DESCRIPCIÓN FÍSICA--INFORMACIÓN GENERAL
campo de control de longitud fija ta
008 - DATOS DE LONGITUD FIJA--INFORMACIÓN GENERAL
campo de control de longitud fija 161108s2015 ck a j 000 j spa
020 ## - NÚMERO INTERNACIONAL ESTÁNDAR DEL LIBRO
Número Internacional Estándar del Libro 9789583047046
040 0# - FUENTE DE CATALOGACIÓN
Centro catalogador/agencia de origen Co-PeBPM
Lengua de catalogación spa
Normas de descripción rda
Centro/agencia transcriptor Co-PeBPM
041 ## - CÓDIGO DE IDIOMA
Código de lengua del texto/banda sonora o título independiente spa
082 04 - NÚMERO DE LA CLASIFICACIÓN DECIMAL DEWEY
Número de clasificación 843.91 M17d
Número de edición 22
100 10 - ENTRADA PRINCIPAL--NOMBRE DE PERSONA
Nombre de persona Marchand, Yan
Término indicativo de función/relación autor
9 (RLIN) 74227
245 10 - MENCIÓN DEL TÍTULO
Título Diógenes, el hombre perro
Mención de responsabilidad, etc. / contado por Yan Marchand ; ilustrado por Vincent Sorel.
250 ## - MENCION DE EDICION
Mención de edición primera edición
264 #1 - PRODUCCIÓN, PUBLICACIÓN, DISTRIBUCIÓN, FABRICACIÓN Y COPYRIGHT
Producción, publicación, distribución, fabricación y copyright Bogotá, Colombia
Nombre del de productor, editor, distribuidor, fabricante : Panamericana
Fecha de producción, publicación, distribución, fabricación o copyright , 2015
300 ## - DESCRIPCIÓN FÍSICA
Extensión 64 páginas
Otras características físicas : ilustraciones en color
Dimensiones ; 21 cm
650 17 - PUNTO DE ACCESO ADICIONAL DE MATERIA--TÉRMINO DE MATERIA
Término de materia o nombre geográfico como elemento de entrada Cuentos juveniles franceses
Fuente del encabezamiento o término LEMB
9 (RLIN) 74228
650 17 - PUNTO DE ACCESO ADICIONAL DE MATERIA--TÉRMINO DE MATERIA
Término de materia o nombre geográfico como elemento de entrada Filósofos griegos
Fuente del encabezamiento o término LEMB
9 (RLIN) 321366
650 17 - PUNTO DE ACCESO ADICIONAL DE MATERIA--TÉRMINO DE MATERIA
Término de materia o nombre geográfico como elemento de entrada Biografías
Fuente del encabezamiento o término LEMB
650 17 - PUNTO DE ACCESO ADICIONAL DE MATERIA--TÉRMINO DE MATERIA
Término de materia o nombre geográfico como elemento de entrada Literatura juvenil Francesa
Fuente del encabezamiento o término LEMB
9 (RLIN) 8809
700 10 - ENTRADA AGREGADA--NOMBRE PERSONAL
Nombre de persona Camacho, Ernesto
9 (RLIN) 74231
Término indicativo de función/relación traducción
700 10 - ENTRADA AGREGADA--NOMBRE PERSONAL
Nombre de persona Sorel, Vincent
9 (RLIN) 74230
Término indicativo de función/relación ilustración
942 ## - ELEMENTOS DE ENTRADA SECUNDARIOS (KOHA)
Fuente del sistema de clasificación o colocación Clasificación Decimal Dewey
Tipo de ítem Koha Libros
Suprimir en OPAC No
Holdings
Estatus retirado Estado de pérdida Fuente del sistema de clasificación o colocación Estado de daño No para préstamo Colección Biblioteca de origen Biblioteca actual Ubicación en estantería Fecha de adquisición Total de préstamos Signatura topográfica completa Código de barras Visto por última vez Copia número Precio de reemplazo Tipo de ítem Koha
    Clasificación Decimal Dewey     General BIBLIOTECA SAN JOAQUIN BIBLIOTECA SAN JOAQUIN Colección general 22/04/2026   843.91 M17d 63737 22/04/2026 Ej.1 22/04/2026 Libros

Powered by Koha